|
|
|
|
| LEADER |
00000cam a2200000 c 4500 |
| 001 |
025674226 |
| 003 |
DE-627 |
| 005 |
20260206195152.0 |
| 007 |
tu |
| 008 |
910131s1990 gw ||||| 00| ||ger c |
| 015 |
|
|
|a 90,N39,0329
|2 dnb
|
| 015 |
|
|
|a 90,N39,0329
|2 dnb
|
| 016 |
7 |
|
|a 901252344
|2 DE-101
|
| 020 |
|
|
|a 3811444905
|9 3-8114-4490-5
|
| 035 |
|
|
|a (DE-627)025674226
|
| 035 |
|
|
|a (DE-603)013347713
|
| 035 |
|
|
|a (DE-576)022008489
|
| 035 |
|
|
|a (DE-599)GBV025674226
|
| 035 |
|
|
|a (OCoLC)24701686
|
| 035 |
|
|
|a (OCoLC)263152308
|
| 040 |
|
|
|a DE-627
|b ger
|c DE-627
|e rakwb
|
| 041 |
|
|
|a ger
|
| 044 |
|
|
|c XA-DE
|
| 050 |
|
0 |
|a KK2435.35
|
| 084 |
|
|
|a 19
|2 sdnb
|
| 084 |
|
|
|a 19
|a 17
|2 sdnb
|
| 084 |
|
|
|a PH 4320
|2 rvk
|0 (DE-625)rvk/136125:
|
| 084 |
|
|
|a PE 450
|2 rvk
|0 (DE-625)rvk/135502:
|
| 084 |
|
|
|a 86.35
|2 bkl
|
| 084 |
|
|
|a 86.27
|2 bkl
|
| 100 |
1 |
|
|a Kohlmann, Günter
|d 1933-2005
|0 (DE-588)128471638
|0 (DE-627)373385269
|0 (DE-576)161779905
|4 aut
|
| 109 |
|
|
|a Kohlmann, Günter 1933-2005
|a Kohlmann, G. 1933-2005
|a Kohlmann, Günter M. 1933-2005
|
| 245 |
1 |
4 |
|a Die strafrechtliche Verantwortlichkeit des GmbH-Geschäftsführers
|c Günter Kohlmann
|
| 264 |
|
1 |
|a Heidelberg
|b Müller, Jur. Verl.
|c 1990
|
| 300 |
|
|
|a XXIV, 320 S
|
| 336 |
|
|
|a Text
|b txt
|2 rdacontent
|
| 337 |
|
|
|a ohne Hilfsmittel zu benutzen
|b n
|2 rdamedia
|
| 338 |
|
|
|a Band
|b nc
|2 rdacarrier
|
| 490 |
1 |
|
|a wistra-Schriftenreihe
|v 1
|
| 500 |
|
|
|a Literaturverz. S. 299 - 307
|
| 583 |
1 |
|
|a Archivierung/Langzeitarchivierung gewährleistet
|f PEBW
|x XA-DE-BW
|2 pdager
|5 DE-31
|
| 650 |
|
4 |
|a GmbH, Absatz, Kreditbetrug, Führungskräfte, Geschäftsführung, Geschäftsanteil, Geschäftsgeheimnis, Vorschrift, Geschäftsbericht, Vermögen, Strafverfahren, unlauterer Wettbewerb, Eigenkapital, Befugnis, Täuschung
|
| 653 |
|
0 |
|a Executives
|a Legal status, laws, etc
|a Germany (West)
|
| 653 |
|
0 |
|a Criminal liability
|a Germany (West)
|
| 653 |
|
0 |
|a Private companies
|a Germany (West)
|
| 689 |
0 |
0 |
|d s
|0 (DE-588)4020486-8
|0 (DE-627)104529563
|0 (DE-576)208933581
|a Geschäftsführer
|2 gnd
|
| 689 |
0 |
1 |
|d s
|0 (DE-588)4021365-1
|0 (DE-627)106314491
|0 (DE-576)208937366
|a GmbH
|2 gnd
|
| 689 |
0 |
2 |
|d s
|0 (DE-588)4131795-6
|0 (DE-627)105692506
|0 (DE-576)209630256
|a Strafbarkeit
|2 gnd
|
| 689 |
0 |
|
|5 DE-101
|
| 830 |
|
0 |
|a Wistra / Wistra-Schriftenreihe
|v 1
|9 1
|w (DE-627)227517415
|w (DE-576)013218905
|w (DE-600)1380438-8
|7 am
|
| 856 |
4 |
2 |
|u http://scans.hebis.de/HEBCGI/show.pl?01334771_toc.pdf
|m V:DE-603;B:DE-17
|q application/pdf
|3 Inhaltsverzeichnis
|7 1
|
| 935 |
|
|
|i Blocktest
|
| 935 |
|
|
|h HEB
|i 0501
|
| 935 |
|
|
|h HEB
|i 0503
|
| 936 |
r |
v |
|a PH 4320
|b Einzeldarstellungen
|k Rechtswissenschaft
|k Strafrecht, Strafverfahrensrecht, Kriminologie
|k Nebenstrafrecht
|k Wirtschaftsstrafrecht
|k Einzeldarstellungen
|0 (DE-627)1271677172
|0 (DE-625)rvk/136125:
|0 (DE-576)201677172
|
| 936 |
r |
v |
|a PE 450
|b Einzeldarstellungen
|k Rechtswissenschaft
|k Handelsrecht, Gesellschafts- und Unternehmensrecht sowie sonstiges privates Wirtschaftsrecht
|k Gesellschafts- und Unternehmensrecht
|k Gesellschaft mit beschränkter Haftung
|k Einzeldarstellungen
|0 (DE-627)1271237903
|0 (DE-625)rvk/135502:
|0 (DE-576)201237903
|
| 936 |
b |
k |
|a 86.35
|j Strafrecht: Besonderer Teil
|0 (DE-627)106416731
|
| 936 |
b |
k |
|a 86.27
|j Gesellschaftsrecht
|0 (DE-627)106422553
|
| 936 |
s |
n |
|a p100
|2 mzub
|
| 936 |
s |
n |
|a q100
|2 mzub
|
| 951 |
|
|
|a BO
|
| ELC |
|
|
|b 1
|
| LOK |
|
|
|0 000 xxxxxcx a22 zn 4500
|
| LOK |
|
|
|0 001 3345087723
|
| LOK |
|
|
|0 003 DE-627
|
| LOK |
|
|
|0 004 025674226
|
| LOK |
|
|
|0 005 20151116135527
|
| LOK |
|
|
|0 008 150728||||||||||||||||ger|||||||
|
| LOK |
|
|
|0 035
|a (DE-21-110)kd21437
|
| LOK |
|
|
|0 040
|a DE-21-110
|c DE-627
|d DE-21-110
|
| LOK |
|
|
|0 689
|a s
|a GmbH-Strafrecht
|
| LOK |
|
|
|0 852
|z Kein Bestand am IfK; Nachweis für KrimDok
|
| LOK |
|
|
|0 852
|a DE-21-110
|
| LOK |
|
|
|0 852 1
|9 00
|
| LOK |
|
|
|0 935
|a k110
|
| LOK |
|
|
|0 939
|a 28-07-15
|b l01
|
| ORI |
|
|
|a SA-MARC-krimdoka001.raw
|